Alternativa para el uso del aceite de jojoba en Costa Rica

Uloženo v:
Podrobná bibliografie
Hlavní autor: Brealey Myers, Scarlet
Médium: Kniha
Vydáno: [San José , Costa Rica] 1987
Témata:
Tagy: Přidat tag
Žádné tagy, Buďte první, kdo vytvoří štítek k tomuto záznamu!

MARC

LEADER 00000nam a2200000Ia 4500
003 004276
005 20240730141554.0
008 140114s1987 cr a m 000 ||s d
040 |c cru CEDI 
090 |a TFG 1918 
100 |a Brealey Myers, Scarlet  |9 13975 
245 |a Alternativa para el uso del aceite de jojoba en Costa Rica 
260 |a [San José , Costa Rica]  |c 1987 
300 |a  xii, 90 hojas : ilustraciones ; 27 cm  
500 |a  Proyecto de graduación (licenciatura en ingeniería química)--Universidad de Costa Rica. Facultad de Ingeniería. Escuela de Ingeniería Química 
501 |a Director del Proyecto de Graduación: Ing. Manuel Molina C  
650 |x ACEITE DE JOJOBA  |9 13976 
942 |c TFG  |h TFG 1918  |i 004276  |6 TFG_1918_004276000000000 
999 |c 20815  |d 20815